| 000 | 00787nam a2200229 4500 | ||
|---|---|---|---|
| 001 | 131920 | ||
| 003 | ES-MaACL | ||
| 005 | 20251012190621.0 | ||
| 007 | t| | ||
| 008 | 070214s1973 sp r ||||1| spa d | ||
| 100 | 1 |
_aRohde, Erwin. _998974 |
|
| 245 | 1 | 0 |
_aPsiqué _b: el culto de las almas y la creencia en la inmortalidad entre los griegos / _cErwin Rohde ; traducción de Salvador Fernández Ramírez. |
| 260 |
_aBarcelona : _bLabor, _c1973. |
||
| 300 |
_a2 v. ; _c19 cm. |
||
| 490 | 1 |
_aMaldoror ; _v14-15 |
|
| 500 | _aEn el vol. 1º faltan páginas. | ||
| 700 | 1 |
_aFernández Ramírez, Salvador, _d1896-1983 _950022 |
|
| 830 | 0 |
_aMaldoror ; _v14-15 _9186737 |
|
| 852 |
_aES-MaACL _jC-54518-9 _bR.87224 |
||
| 852 |
_aES-MaACL _jC-55336-7 _bR.87872 |
||
| 999 |
_c131920 _d131920 |
||